| 000 | 00551nam a22001817a 4500 | ||
|---|---|---|---|
| 005 | 20250718085625.0 | ||
| 008 | 250718b |||||||| |||| 00| 0 eng d | ||
| 020 | _a978-1-111-35234-9 | ||
| 050 | _aD21 .H36 2013 V.1 | ||
| 100 | _aHANSEN, VALERIE | ||
| 245 | _aVOYAGES IN WORLD HISTORY: TO 1600 | ||
| 260 |
_aBOSTON, MA _bWADSWORTH/CENGAGE LEARNING, _c2013 |
||
| 300 | _aXXXI,367P.:ILL | ||
| 500 | _aINCLUDES BIBLIOGRAPHICAL REFERENCES AND INDEX | ||
| 650 | _a WORLD HISTORY--TEXTBOOKS | ||
| 700 | _aCURTIS, KENNETH ROBERT | ||
| 942 |
_2lcc _cBK |
||
| 999 |
_c215930 _d215930 |
||